Cost accounting : (Record no. 3862)
[ view plain ]
| 000 -LEADER | |
|---|---|
| fixed length control field | 00860cac a22002171u 4500 |
| 090 ## - LOCALLY ASSIGNED LC-TYPE CALL NUMBER (OCLC); LOCAL CALL NUMBER (OCLC) | |
| -- | 3862 |
| 008 - FIXED-LENGTH DATA ELEMENTS--GENERAL INFORMATION | |
| fixed length control field | 081126t 1991xxu||||| |||| 00| 0 eng d |
| 010 ## - LIBRARY OF CONGRESS CONTROL NUMBER | |
| LC control number | 90045401 |
| 020 ## - INTERNATIONAL STANDARD BOOK NUMBER | |
| International Standard Book Number | 007837443X |
| 082 00 - DEWEY DECIMAL CLASSIFICATION NUMBER | |
| Classification number | 657.42 |
| Item number | COS |
| 100 ## - MAIN ENTRY--PERSONAL NAME | |
| Personal name | Polimeni, Ralph S. |
| 9 (RLIN) | 1348 |
| 245 00 - TITLE STATEMENT | |
| Title | Cost accounting : |
| Remainder of title | concepts and applications for managerial decision making / |
| Statement of responsibility, etc | Ralph S. Polimeni ... [et al.]. |
| 250 ## - EDITION STATEMENT | |
| Edition statement | 3rd ed. |
| 260 ## - PUBLICATION, DISTRIBUTION, ETC. (IMPRINT) | |
| Place of publication, distribution, etc | New York : |
| Name of publisher, distributor, etc | McGraw-Hill, |
| Date of publication, distribution, etc | 1991. |
| 300 ## - PHYSICAL DESCRIPTION | |
| Extent | xvi, 1136 p. ; |
| Dimensions | 25 cm. + |
| Accompanying material | 1 computer disk (5 1/4 in.) |
| 500 ## - GENERAL NOTE | |
| General note | Rev. ed. of: Cost accounting / Ralph S. Polimeni, Frank J. Fabozzi, Arthur H. Adelberg. |
| 500 ## - GENERAL NOTE | |
| General note | System requirements for computer disk: IBM PC and other compatible systems. |
| 504 ## - BIBLIOGRAPHY, ETC. NOTE | |
| Bibliography, etc | Includes bibliographical references and index. |
| 650 #0 - SUBJECT ADDED ENTRY--TOPICAL TERM | |
| Topical term or geographic name as entry element | Cost accounting. |
| 942 ## - ADDED ENTRY ELEMENTS (KOHA) | |
| Item type | Book - Borrowing |
| Call number prefix | 657.42COS |
| Source of classification or shelving scheme | Dewey Decimal Classification |
| Withdrawn status | Item status | Source of classification or shelving scheme | Damaged status | Not for loan | Home library | Current library | Shelving location | Date acquired | Source of acquisition | Total Checkouts | Full call number | Barcode | Date last seen | Koha item type | Vendor | Total Renewals | Date last borrowed |
|---|---|---|---|---|---|---|---|---|---|---|---|---|---|---|---|---|---|
| Dewey Decimal Classification | Central Library | Central Library | First floor | 24/07/2007 | Purchase | 657.42 COS | 000030442 | 15/07/2025 | Book - Borrowing | ||||||||
| Dewey Decimal Classification | Central Library | Central Library | First floor | 24/07/2007 | Purchase | 657.42 COS | 000005272 | 15/07/2025 | NB - Book (Non borrowing) | ||||||||
| Dewey Decimal Classification | Central Library | Central Library | First floor | 12/08/2010 | 2 | 657.42 COS | 000021647 | 15/07/2025 | Book - Borrowing | 1 | 05/09/2012 |